Quick Pick: Comparative Songs Quiz Stats

 Plays Quiz Updated Apr 12, 2018

Score 0/12 Timer 01:00
2 Plays Today
% Correct
Later
96%
Sooner
95.3%
Closer
93.7%
Whiter
92.8%
More
92.4%
Higher
91.1%
Stronger
90.6%
Less
89.5%
Harder
87.8%
Sweeter
87.2%
Easier
86.1%
Better
77.1%

Today's Daily Dose

You're not logged in!

Compare scores with friends on all Sporcle quizzes.
OR
Log In

Show Comments

Extras

Top Quizzes Today


Score Distribution

Your Account Isn't Verified!

In order to create a playlist on Sporcle, you need to verify the email address you used during registration. Go to your Sporcle Settings to finish the process.

Report this User

Report this user for behavior that violates our Community Guidelines.

Details: